Score 0/7 Timer 03:00
1 Play Today
Question Answer Wrong Answers
Bulgaria, Estonia, Latvia, Lithuania, Romania, Slovakia, and Slovenia join ______ as full members.
2004
NATO
87.8%
CERN
3.3%
TRACECA
2.6%
APEC
3.4%
This American baseball player, whose name appears on the annual MLB award given to the best pitchers, is born.
1867
Cy Young
84.9%
Tom Seaver
5.1%
Bob Gibson
4.6%
Nolan Ryan
4.6%
John Pemberton brews the first batch of this popular soft-drink over a backyard fire in Atlanta.
1886
Coca-Cola
82.9%
Dr Pepper
10.4%
RC Cola
2%
Pepsi
3.3%
This NFL team loads its possessions onto fifteen Mayflower moving trucks in the early morning and transfers its operations to Indianapolis.
1984
Colts
82.4%
Seahawks
4.3%
Raiders
5.5%
Rams
5%
The ______ Amendment to the US Constitution is ratified, allowing residents of Washington, DC to vote in presidential elections.
1961
23rd
51.8%
16th
12.6%
21st
21.5%
19th
11.7%
The city of Salvador da Bahia, one of the oldest colonial cities in the Americas and the first capital of this country, is founded.
1549
Brazil
50%
Haiti
21.9%
Panama
18.7%
Guyana
9.1%
This British politician, who served as the Prime Minister of the UK from 1990 to 1997, is born.
1943
John Major
39.8%
Tony Blair
38%
James Callaghan
3.5%
Margaret Thatcher
16.8%
Remove Ads.
Support Sporcle.
Get the best of Sporcle when you Go Orange. This ad-free experience offers more features, more stats, and more fun while also helping to support Sporcle. Thank you for becoming a member.

You're not logged in!

Compare scores with friends on all Sporcle quizzes.
OR
Log In

Show Comments

Extras

Top Quizzes Today


Score Distribution

Your Account Isn't Verified!

In order to create a playlist on Sporcle, you need to verify the email address you used during registration. Go to your Sporcle Settings to finish the process.

Report this User

Report this user for behavior that violates our Community Guidelines.

Details: